Impact of microplastics and nanoplastics on human Health Emerging evidence and future directions /

Plastics are extensively used across industries, leading to microplastic (MPL) and nanoplastic (NPL) contamination in ecosystems. Exposure to these particles occurs primarily through ingestion, inhalation, and dermal contact, raising significant human health concerns. This review critically evaluate...

Teljes leírás

Elmentve itt :
Bibliográfiai részletek
Szerzők: Sadique Sona Alungal
Konarova Muxina
Niu Xufeng
Szilágyi István
Nirmal Nilesh
Li Li
Dokumentumtípus: Cikk
Megjelent: 2025
Sorozat:EMERGING CONTAMINANTS 11 No. 3
Tárgyszavak:
doi:10.1016/j.emcon.2025.100545

mtmt:36305949
Online Access:http://publicatio.bibl.u-szeged.hu/38634
LEADER 02017nab a2200277 i 4500
001 publ38634
005 20260122142653.0
008 260110s2025 hu o 000 eng d
022 |a 2405-6650 
024 7 |a 10.1016/j.emcon.2025.100545  |2 doi 
024 7 |a 36305949  |2 mtmt 
040 |a SZTE Publicatio Repozitórium  |b hun 
041 |a eng 
100 1 |a Sadique Sona Alungal 
245 1 0 |a Impact of microplastics and nanoplastics on human Health  |h [elektronikus dokumentum] :  |b Emerging evidence and future directions /  |c  Sadique Sona Alungal 
260 |c 2025 
300 |a 13 
490 0 |a EMERGING CONTAMINANTS  |v 11 No. 3 
520 3 |a Plastics are extensively used across industries, leading to microplastic (MPL) and nanoplastic (NPL) contamination in ecosystems. Exposure to these particles occurs primarily through ingestion, inhalation, and dermal contact, raising significant human health concerns. This review critically evaluates recent advancements in understanding the human health impacts of MPLs/NPLs, focusing on their routes of exposure including ingestion, inhalation, and dermal contact, and the mechanisms of cellular uptake and toxicity. While MPL/NPL pollution is a well-recognised environmental hazard, the conclusive evidence linking their exposure to specific health outcomes in humans remains limited. We discuss methodological gaps in assessing their toxicological impacts, particularly in vitro models, and the need for more sophisticated in vivo studies to simulate real-life exposures. Future research directions, including the exploration of the corona formation on MPL/NPL particles and its influence on cellular interactions, are outlined to bridge existing knowledge gaps. © 2025 The Authors 
650 4 |a Kémiai tudományok 
700 0 1 |a Konarova Muxina  |e aut 
700 0 1 |a Niu Xufeng  |e aut 
700 0 1 |a Szilágyi István  |e aut 
700 0 1 |a Nirmal Nilesh  |e aut 
700 0 1 |a Li Li  |e aut 
856 4 0 |u http://publicatio.bibl.u-szeged.hu/38634/1/EmerCont_112025100545.pdf  |z Dokumentum-elérés